000 00331nam a22001457a 4500
008 210301b ||||| |||| 00| 0 eng d
020 _a9780321450814
041 _aeng
080 _22nd
_a070
082 _a070
100 _a39
101 _aMED
245 _aResources for Technical Communication
_cOpiela, J
942 _2udc
_cBK
999 _c55422
_d55422